000 00928nam a2200253 a 4500
001 000021393
003 DO-SdBNP
005 20230705095255.0
008 100907s1979 dr b 000 0 spa d
040 _aDO-SdBNP
_bspa
_cBPMSU
082 4 _aR016.97293
_bP128b 1979
_222
100 1 _aPagán Perdomo, Dato
245 1 0 _aBibliografía general de la Isla de Santo Domingo :
_bcontribución a su estudio /
_cDato Pagán Perdomo.
260 _aSan Pedro de Macorís :
_bUCE,
_c1979.
300 _a2v. ;
_c26 cm.
490 0 _aCientífica,
_v9
500 _aIncluye índice de autores y tìtulos y materias
500 _aIncluye datos biográficos del autor en la contracubierta
590 _aInventariado, 2023/VM
651 4 _aIsla Española (Haití y República Dominicana)
_vBibliografías
710 2 _aUniversidad Central del Este (Repùblica Dominicana)
910 _aVMateo V. Control de calidad (BPMSU)
942 _2ddc
_cBK
999 _c14398
_d14398